Score 0/15 Timer 01:30
3 Plays Today
Clue 4-Letter Word % Correct
1990s show, 'Saved by the ___'BELL
97%
Not firm or hard SOFT
96.7%
Item that holds pants up BELT
96.6%
The fastest man in the world BOLT
95.1%
Wintry foot coveringBOOT
95.1%
The important object in most sports BALL
95%
Grime in a chimneySOOT
95%
An upper room or section of a roomLOFT
94%
Clue 4-Letter Word % Correct
To steal goods, like a pirateLOOT
93.5%
Sink your teeth intoBITE
91%
A bundle of paper, hay, cotton, etc. BALE
90.8%
Reduce the force ofBATE
82.7%
Old manCOOT
74.4%
Bo who lost to Carrie Underwood•BICE•
38.8%
David who beat David Archuletta•COOK•
33.2%

Today's Daily Dose

Missing Word
I Hardly Know Her!

Word Ladder
Sentence Ending

Quick Pick
Female Firsts

Get the Picture
Triathlon Sports

Remove Ads.
Support Sporcle.
Get the best of Sporcle when you Go Orange. This ad-free experience offers more features, more stats, and more fun while also helping to support Sporcle. Thank you for becoming a member.

You're not logged in!

Compare scores with friends on all Sporcle quizzes.
OR
Log In

Show Comments

Extras

Top Quizzes Today


Score Distribution

Your Account Isn't Verified!

In order to create a playlist on Sporcle, you need to verify the email address you used during registration. Go to your Sporcle Settings to finish the process.

Report this User

Report this user for behavior that violates our Community Guidelines.

Details: